Divine being and its relevance according to Thomas Aquinas /
Aquinas' theology can be understood only if one comes to grips with his metaphysics of being. The relevance of this perspective is exhibited in his treatment of topics like creation, goodness, happiness, truth, freedom of the will, the unity of the human being, prayer and providence, God's...
Main Author:
Format: eBook
Language: English
Published:
Leiden; Boston :
BRILL,
2020.
Series:
Studies in Systematic Theology ;
20.
Religious Studies, Theology and Philosophy E-Books Online, Collection 2019, ISBN: 9789004390898.
Subjects:
Online Access: Login to view Source
Tags: Add Tag
Call Number: BX4700.T6
| LEADER | 02378cam a2200445 i 4500 | ||
|---|---|---|---|
| 001 | BRILL9789004413993 | ||
| 003 | nllekb | ||
| 005 | 20210602095909.0 | ||
| 006 | m d | ||
| 007 | cr un uuuua | ||
| 008 | 191130s2020 ne sb 001 0 eng d | ||
| 020 | |a 9789004413993 |q (electronic book) | ||
| 020 | |z 9789004413986 |q (print) | ||
| 024 | 7 | |a 10.1163/9789004413993 |2 DOI | |
| 035 | |z (OCoLC)1111948885 | ||
| 040 | |a NL-LeKB |c NL-LeKB |e rda | ||
| 050 | 4 | |a BX4700.T6 | |
| 072 | 7 | |a HRCM |2 bicssc | |
| 072 | 7 | |a REL |x 067000 |2 bisacsh | |
| 082 | 0 | 4 | |a 230.2092 |2 23 |
| 100 | 1 | |a Hoye, William J., |e author. | |
| 245 | 1 | 0 | |a Divine being and its relevance according to Thomas Aquinas / |c William J. Hoye. |
| 264 | 1 | |a Leiden; |a Boston : |b BRILL, |c 2020. | |
| 300 | |a 1 online resource | ||
| 336 | |a text |b txt |2 rdacontent | ||
| 337 | |a unmediated |b n |2 rdamedia | ||
| 338 | |a online resource |2 rdacarrier | ||
| 490 | 1 | |a Studies in Systematic Theology ; |v 20 | |
| 490 | 1 | |a Religious Studies, Theology and Philosophy E-Books Online, Collection 2019, ISBN: 9789004390898 | |
| 520 | |a Aquinas' theology can be understood only if one comes to grips with his metaphysics of being. The relevance of this perspective is exhibited in his treatment of topics like creation, goodness, happiness, truth, freedom of the will, the unity of the human being, prayer and providence, God's personhood, divine love, God and violence, God's unknowablility, the Incarnation, the Trinity, God's existence, theological language and even laughter. This book endeavors to treat these questions in a clear and convincing language. Is there a better method for improving one's own theology than by grappling with the arguments of Thomas Aquinas?. | ||
| 588 | |a Description based on print version record. | ||
| 650 | 0 | |a Theology, Doctrinal. | |
| 650 | 0 | |a Spirituality |x Christianity |x Middle Ages. | |
| 776 | 0 | 8 | |i Print version: |t Divine being and its relevance according to Thomas Aquinas, |d Leiden Boston : BRILL, 2020 |w 9789004413986 |
| 830 | 0 | |a Studies in Systematic Theology ; |v 20. | |
| 830 | 0 | |a Religious Studies, Theology and Philosophy E-Books Online, Collection 2019, ISBN: 9789004390898. | |
| 856 | 4 | |z DOI: |u http://dx.doi.org/10.1163/9789004413993 | |
| 942 | |c EBOOK | ||
| 952 | |0 0 |1 0 |4 0 |7 1 |9 13591 |a BRILL |b BRILL |d 2021-06-02 |l 0 |r 2021-06-02 00:00:00 |w 2021-06-02 |y EBOOK | ||
| 999 | |c 35043 |d 35043 | ||
